Statistics for Dr. Stone Characters

Click here to take the quiz!

General Stats

  • This quiz has been taken 16 times
  • The average score is 17 of 34

Answer Stats

HintAnswer% Correct
Main Character
Scientist
Founder of the Kingdom of Science
Member of the 5 Strategists
Chief of the Ishigami Village
Ishigami Senku
100%
Member of the Kingdom of Science
Member of Ishigami Village
Member of the 5 Strategists
Member of the Scientific Team
Chrome
87%
Former member of Tsukasa Empire
Member of the Kingdom of Science
Member of the 5 Strategists
Mentalist
Asagiri Gen
80%
Friend of the two former
Member of the Kingdom of Science
Tailor
Ogawa Yuzuriha
80%
Bestfriend of the former
Member of the Kingdom of Science
Member of the Power Team
Oki Taiju
80%
Member of the Kingdom of Science
Member of Ishigami Village
Member of the Power Team
Sister of the latter
Kohaku
73%
Leader of Tsukasa Empire
Member of the Kingdom of Science
Member of the Combat Team
Former main antagonist
Brother of the former
Shishio Tsukasa
73%
Former member of Tsukasa Empire
Member of the Kingdom of Science
Member of the Combat Team
Akatsuki Hyoga
60%
Member of the Kingdom of Science
Member of Ishigami Village
Artisan
Kaseki
60%
Member of the Kingdom of Science
Member of Ishigami Village
Member of the Information Team
Member of the Scientific Team
Suika
60%
Former member of Tsukasa Empire
Member of the Kingdom of Science
Member of the Power Team
Former police officer
Uei Yo
60%
Member of the Kingdom of Science
Chef
Butler of the former
Francois
53%
Member of the Kingdom of Science
Member of Ishigami Village (Guard)
Brother of the former
Ginro
53%
Member of the Kingdom of Science
Member of Ishigami Village (Guard)
Member of the Power Team
Brother of the latter
Kinro
53%
Former member of Tsukasa Empire
Member of the Kingdom of Science
Right-hand of the former
Momiji Homura
53%
Member of the Kingdom of Science
Member of the 5 Strategists
Captain of Perseus
Navigator
Nanami Ryusui
53%
Former member of Tsukasa Empire
Member of the Kingdom of Science
Member of the 5 Strategists
Scout
Saionji Ukyo
53%
Member of the Kingdom of Science
Member of Ishigami Village
Priestess
Main character's ex-husband
Ruri
47%
Father of the main character
Astronaut
Founder of Ishigami Village
Ishigami Byakuya
40%
Member of the Kingdom of Science
Former chief of Ishigami Village
Father of the two former
Kokuyo
40%
Member of the Kingdom of Science
Member of Ishigami Village
Member of the Power Team
Magma
40%
Member of the American Colony
Subordinate of the former
Member of the Kingdom of Science
Former military
Stanley Snyder
40%
Leader of the American Colony
Member of the Kingdom of Science
Scientist
Xeno Houston Wingfield
40%
Member of the Petrification Kingdom
Antagonist
Tyrant Minister
Ibara
33%
Former member of the Petrification Kingdom
Member of the Kingdom of Science
Kirisame
33%
Spouse of the former
Former singer
Founder of Ishigami Village
Lillian Weinberg
33%
Former member of the Petrification Kingdom
Member of the Kingdom of Science
Member of the Combat Team
Moz
33%
Former member of the Kingdom of Science
Former member of Ishigami Village
Former member of the Power Team
Leader of the Petrification Kingdom
Soyuz
33%
Former member of Tsukasa Empire
Member of the Kingdom of Science
Member of the Power Team
Hanada Nikki
27%
Former member of Tsukasa Empire
Member of the Kingdom of Science
Member of the Information Team
Former journalist
Hokutozai Minami
27%
Former member of the Petrification Kingdom
Member of the Kingdom of Science
Bodyguard
Matsukaze
27%
Member of the American Colony
Member of the Kingdom of Science
Soldier
Maya Biggs
20%
Member of the Kingdom of Science
Sister of the latter
Shishio Mirai
20%
Member of the American Colony
Member of the Kingdom of Science
Mechanic
Brody Dudley
13%

Score Distribution

Percentile by Number Answered

Percent of People with Each Score

Your Score History

You have not taken this quiz